| 000 | 01261nas a2200241 a 4500 | ||
|---|---|---|---|
| 005 | 20250611114719.0 | ||
| 007 | ta | ||
| 008 | 180323e2000 dr q p|r ||00 | spa d | ||
| 040 |
_aDO-SdBNP _cDO-SdBNP _erda |
||
| 041 | _hspa | ||
| 111 |
_aEncuentro Justicia y Prensa. _cSanto Domingo, República Dominicana _d2000 _987538 |
||
| 245 | 0 |
_aJusticia y razón : _bprimera conferencia del Poder Judicial. |
|
| 264 |
_aSanto Domingo, República Dominicana : _bEscuela Nacional de la Judicatura, _c2000. |
||
| 300 |
_avolumen : _bilustraciones, fotografías ; _c28 cm. |
||
| 310 | _aTrimestral | ||
| 336 |
_atexto _btxt _2rdacontent |
||
| 337 |
_asin mediación _bn _2rdamedia |
||
| 338 |
_avolumen _bnc _2rdacarrier |
||
| 362 | _aAño 1. No. 1. Septiembre 2000. | ||
| 520 | _aDesde el punto de vista teleológico, la creación de las instituciones viene a fungir como punto de partida para consecución de todo aquello que tienda a la perfección holística de la grey humana en la faz de la tierra, a sabiendas de que tanto el hombre como la mujer tienen como designio la búsqueda de la felicidad, tras enmarcar sus actos dentro de la esfera del bien. | ||
| 650 | 0 |
_aJusticia _946174 _vPublicaciones periódicas _zRepública Dominicana |
|
| 942 |
_2ddc _cISSUE |
||
| 999 |
_c46267 _d46267 |
||